000 00752nam a2200205Ii 4500
003 JO-AjNU
008 230605s9999||||xx |||||||||||||| ||und||
040 _aJO-AjNU
_bara
_erda
_cJO-AjNU
041 _aara
050 1 4 _aDS125.5.R8788 1990
100 3 _aتاليف الروسان، ممدوح عارف,
_eauthor
_920432
245 0 0 _aفلسطين في مرسلات حسين-مكماهون: قراءة جديدة في الوثائق والدراسات المعاصرة
250 _aط1
264 3 1 _aعمان: د.ن، 1990
300 _a75ص
336 _atext
_btxt
_2rdacontent
337 _aunmediated
_bn
_2rdamedia
338 _avolume
_bnc
_2rdacarrier
650 4 _a فلسطين -تاريخ- اتفاقيات حسين -مكماهون
_920433
999 _aA6924
_c10492
_d10492